Sports Quiz

Random Sports or Hockey Quiz

NHL Top 100 Career Power Play Goals Quiz Stats

 Plays Quiz Updated Nov 5, 2017

Support Sporcle.
Go Orange.
Score 0/100 Timer 15:00
0 Plays Today
Player % Correct
Wayne Gretzky
96.1%
Alex Ovechkin
85.5%
Jaromir Jagr
80.6%
Brett Hull
79.9%
Mario Lemieux
79.9%
Bobby Hull
79.7%
Mark Messier
76.5%
Steve Yzerman
73.7%
Joe Sakic
65.8%
Jari Kurri
65.6%
Teemu Selanne
64.4%
Mike Bossy
63.5%
Evgeni Malkin
62.2%
Phil Esposito
60.6%
Mike Modano
59.5%
Jarome Iginla
58.5%
Pavel Bure
57.8%
Guy Lafleur
57%
Mats Sundin
56.7%
Joe Thornton
56.7%
Paul Coffey
56.2%
Daniel Sedin
54.4%
Luc Robitaille
54.3%
Marcel Dionne
54%
Brendan Shanahan
53.7%
Ray Bourque
53%
Patrick Marleau
52.8%
Bryan Trottier
52.4%
Sergei Fedorov
51.7%
Dave Andreychuk
51.2%
Ron Francis
50.4%
Paul Kariya
50.1%
Jeremy Roenick
46.6%
Glenn Anderson
46.6%
Player % Correct
Mark Recchi
46%
Daniel Alfredsson
45.2%
Dale Hawerchuk
45%
Pat Lafontaine
44.8%
Alexander Mogilny
44.5%
Mike Gartner
44.5%
Stan Mikita
44.2%
Vincent Lecavalier
44.2%
Kevin Stevens
43.7%
Ilya Kovalchuk
43.4%
Keith Tkachuk
42.5%
Marian Hossa
41.4%
Nicklas Lidstrom
41.3%
Theoren Fleury
40.9%
Bobby Smith
40.8%
Al Macinnis
40.6%
Doug Gilmour
40.3%
Denis Savard
40.2%
Dany Heatley
39.7%
Joe Nieuwendyk
39.3%
Cam Neely
39.3%
Markus Naslund
38.5%
Dino Ciccarelli
37.8%
Peter Stastny
37.6%
Peter Bondra
37.2%
Pierre Turgeon
36.5%
Denis Potvin
35.7%
Lanny McDonald
33.7%
Gilbert Perreault
33.1%
Darryl Sittler
32.8%
Rod Brindamour
32.8%
Milan Hejduk
32.7%
Shane Doan
32.3%
John Bucyk
32.1%
Player % Correct
Bernie Nicholls
30.4%
Michael Goulet
30.3%
Alex Kovalev
30.2%
Owen Nolan
28.9%
Joe Mullen
27.4%
Vincent Damphousse
27.2%
Phil Housley
26.6%
Steve Larmer
26.4%
Ryan Smyth
26.2%
Pat Verbeek
26.2%
Brian Bellows
25.8%
Tim Kerr
24.9%
Dave Taylor
24.5%
Alexei Yashin
24.2%
Rick Tocchet
22.9%
Rob Blake
22.8%
Jean Ratelle
22%
Bill Guerin
21.8%
Yvan Cournoyer
19.8%
Jason Arnott
19.8%
Rick Vaive
18.9%
Kirk Muller
18.1%
Charlie Simmer
18%
Thomas Vanek
17.5%
Paul MacLean
16.7%
Ray Ferraro
13.9%
Thomas Holmstrom
13.9%
John Ogrodnick
12.2%
Scott Mellanby
11.9%
Ray Sheppard
10.9%
Greg Adams
7.3%
Dan Quinn
4.7%

You're not logged in!

Compare scores with friends on all Sporcle quizzes.
OR
Log In

From the Vault

Short Lived TV Shows

by tripp1313

I wonder how long a TV show about Sporcle would last.
Remove Ads.
Support Sporcle.
Get the best of Sporcle when you Go Orange. This ad-free experience offers more features, more stats, and more fun while also helping to support Sporcle. Thank you for becoming a member.

Show Comments

Extras

Top Quizzes Today


Score Distribution

Your Account Isn't Verified!

In order to create a playlist on Sporcle, you need to verify the email address you used during registration. Go to your Sporcle Settings to finish the process.

Report this User

Report this user for behavior that violates our Community Guidelines.

Details: